| 000 | 01046cam a22002894a 4500 | ||
|---|---|---|---|
| 001 | 11866749 | ||
| 005 | 20250414184227.0 | ||
| 008 | 991214s2000 enka b 001 0 eng c | ||
| 020 | _a0750647868 | ||
| 020 | _a9780750647861 | ||
| 050 | 0 | 0 |
_aGN296 _b.H45 2000 |
| 082 | 0 | 0 |
_a306.4/61 _221 |
| 100 | 1 |
_aHelman, Cecil, _d1944-2009. |
|
| 245 | 1 | 0 |
_aCulture, health, and illness / _cCecil G. Helman. |
| 250 | _a4th ed. | ||
| 260 |
_aOxford ; _aBoston : _bButterworth-Heinemann, _c2000. |
||
| 300 |
_aviii, 328 p. : _bill. ; _c25 cm. |
||
| 650 | 0 | _aMedical anthropology. | |
| 650 | 0 | _aSocial medicine. | |
| 650 | 1 | 2 | _aSocial Medicine. |
| 650 | 2 | 2 | _aAnthropology. |
| 650 | 2 | 2 | _aSociology, Medical. |
| 856 | 4 | 2 |
_3Publisher description _uhttp://www.loc.gov/catdir/enhancements/fy0605/99089542-d.html |
| 856 | 4 | 1 |
_3Table of contents only _uhttp://www.loc.gov/catdir/enhancements/fy0605/99089542-t.html |
| 856 | 4 | 2 |
_3Contributor biographical information _uhttp://www.loc.gov/catdir/enhancements/fy1302/99089542-b.html |
| 942 |
_2lcc _cBK _e4th Ed. _n0 |
||
| 999 |
_c5472 _d5472 |
||